Gastrointestinal disorders / (Record no. 16230)

000 -LEADER
fixed length control field 01018pam a2200301 a 4500
001 - CONTROL NUMBER
control field 1090200
005 - DATE AND TIME OF LATEST TRANSACTION
control field 20161109101654.0
008 - FIXED-LENGTH DATA ELEMENTS--GENERAL INFORMATION
fixed length control field 920731s1993 moua 001 0 eng c
010 ## - LIBRARY OF CONGRESS CONTROL NUMBER
LC control number 92049975
020 ## - INTERNATIONAL STANDARD BOOK NUMBER
International Standard Book Number 0801620961
040 ## - CATALOGING SOURCE
Original cataloging agency DNLM/DLC
Transcribing agency DLC
Modifying agency DLC
050 00 - LIBRARY OF CONGRESS CALL NUMBER
Classification number RC802 .D7 1993
060 ## - NATIONAL LIBRARY OF MEDICINE CALL NUMBER
Classification number WY 156.5 D732g
082 00 - DEWEY DECIMAL CLASSIFICATION NUMBER
Classification number 616.3/3/0024613
Edition number 20
100 1# - MAIN ENTRY--PERSONAL NAME
Personal name Doughty, Dorothy Beckley.
245 10 - TITLE STATEMENT
Title Gastrointestinal disorders /
Statement of responsibility, etc. Dorothy B. Doughty, Debra Broadwell Jackson.
260 ## - PUBLICATION, DISTRIBUTION, ETC. (IMPRINT)
Place of publication, distribution, etc. St. Louis :
Name of publisher, distributor, etc. Mosby,
Date of publication, distribution, etc. c1993.
300 ## - PHYSICAL DESCRIPTION
Extent x, 358 p. :
Other physical details ill. (some col.) ;
Dimensions 29 cm.
440 #0 - SERIES STATEMENT/ADDED ENTRY--TITLE
Title Mosby's clinical nursing series
500 ## - GENERAL NOTE
General note Includes index.
650 #0 - SUBJECT ADDED ENTRY--TOPICAL TERM
Topical term or geographic name as entry element Gastrointestinal system
General subdivision Diseases
-- Nursing.
650 #2 - SUBJECT ADDED ENTRY--TOPICAL TERM
Topical term or geographic name as entry element Gastrointestinal Diseases
General subdivision nursing.
650 #2 - SUBJECT ADDED ENTRY--TOPICAL TERM
Topical term or geographic name as entry element Nursing Care
General subdivision nursing.
700 1# - ADDED ENTRY--PERSONAL NAME
Personal name Jackson, Debra Broadwell,
Dates associated with a name 1949-
906 ## - LOCAL DATA ELEMENT F, LDF (RLIN)
a 7
b cbc
c orignew
d 1
e ocip
f 19
g y-gencatlg
942 ## - ADDED ENTRY ELEMENTS (KOHA)
Source of classification or shelving scheme
Koha item type Hard Covered Materials
Classification part RC802 .D7 1993
Holdings
Withdrawn status Lost status Source of classification or shelving scheme Damaged status Not for loan Home library Current library Shelving location Date acquired Source of acquisition Total Checkouts Full call number Barcode Date last seen Price effective from Koha item type
          MACHAKOS UNIVERSITY LIBRARY MACHAKOS UNIVERSITY LIBRARY Open shelf 09/11/2016 Donation (BFA)   RC802 .D7 1993 22169 09/11/2016 09/11/2016 Hard Covered Materials
© Machakos University Library, Along The Highway, Machakos Wote Rd, Machakos, Kenya P.O. Box 136 - 90100 Machakos - Kenya

Tel: ( +254 ) 723 805829 OR Fax : 044-20353 OR Email: library@mksu.ac.ke